000 00802nam a2200217 a 4500
999 _c2469
_d2469
003 BD-JhCC
005 20171102192453.0
008 171102s2009 bg |||| ||a| 000 0 ben d
020 _a9844152399
035 _a(BD-JhCC)
040 _aBD-JhCC
_dBD-JhCC
041 _aben
082 _a320.509
_bGER 2009
100 _aগের্ৎসেন, আলেক্সান্দর
245 _aরাজনৈতিক মতবাদের ইতিহাস খণ্ড ৩ : রাশিয়া ও জার্মানি : উনিশ শতক
_cআলেক্সান্দর গের্ৎসেন,
260 _aঢাকা :
_bঅবসর প্রকাশনী,
_c2009
300 _a142 p. :
_c22 cm.
650 _aPolitical Science
942 _2ddc
_cBK